书目信息 |
| 题名: |
倒霉蛋雷豆的自救法宝
|
|
| 作者: | 张艳萍 , 成应翠 主编 | |
| 分册: | ||
| 出版信息: | 上海 华东理工学院出版社 2011.01 |
|
| 页数: | 180页 | |
| 开本: | 24cm | |
| 丛书名: | 邀游英语系列 | |
| 单 册: | ||
| 中图分类: | X4-49 | |
| 科图分类: | ||
| 主题词: | 自救互救--zi jiu hu jiu--青少年读物--英、汉 | |
| 电子资源: | ||
| ISBN: | 978-7-5628-2808-2 | |
| 000 | 01226nam 2200313 450 | |
| 001 | wy0000001294 | |
| 005 | 20110723101534.25 | |
| 010 | @a978-7-5628-2808-2@dCNY29.50 | |
| 100 | @a20110216d2011 km y0chiy50 ea | |
| 101 | 0 | @achi@aeng |
| 102 | @aCN@b310000 | |
| 105 | @aa z 000yy | |
| 106 | @ar | |
| 200 | 1 | @a倒霉蛋雷豆的自救法宝@Adao mei dan lei dou de zi jiu fa bao@e英汉对照@d= How to protect yourself in danger@f主编成应翠, 张艳萍@zeng |
| 210 | @a上海@c华东理工学院出版社@d2011.01 | |
| 215 | @a180页@c图@d24cm | |
| 225 | 2 | @a邀游英语系列@Ayao you ying yu xi lie |
| 330 | @a本书主要讲述了想做一个让父母放心的好孩子吗?想成为一个可爱的“小大人”吗?想成为一个百事不求人的自救专家吗?秘笈在此!本书以“倒霉小子”雷豆的经历和自述,向我们传授各种应对危险情况的自救知识和应急措施,这些可是你必不可少的生存法宝啊! | |
| 333 | @a英语爱好者 | |
| 410 | 0 | @12001 @a邀游英语系列 |
| 510 | 1 | @aHow to protect yourself in danger@zeng |
| 517 | 1 | @a英汉对照@Aying han dui zhao |
| 586 | @a | |
| 606 | 0 | @a自救互救@Azi jiu hu jiu@x青少年读物@x英、汉 |
| 690 | @aX4-49@v5 | |
| 701 | 0 | @a张艳萍@Azhang yan ping@4主编 |
| 701 | 0 | @a成应翠@Acheng ying cui@4主编 |
| 801 | 0 | @aCN@c20110610 |
| 905 | @dX4-49@eC721@f3 | |
| 倒霉蛋雷豆的自救法宝:英汉对照= How to protect yourself in danger/主编成应翠, 张艳萍.-上海:华东理工学院出版社,2011.01 |
| 180页:图;24cm.-(邀游英语系列) |
| 使用对象:英语爱好者 |
| ISBN 978-7-5628-2808-2:CNY29.50 |
| 本书主要讲述了想做一个让父母放心的好孩子吗?想成为一个可爱的“小大人”吗?想成为一个百事不求人的自救专家吗?秘笈在此!本书以“倒霉小子”雷豆的经历和自述,向我们传授各种应对危险情况的自救知识和应急措施,这些可是你必不可少的生存法宝啊! |
| ● |
| 相关链接 |
|
|
|
正题名:倒霉蛋雷豆的自救法宝
索取号:X4-49/C721
 
预约/预借
| 序号 | 登录号 | 条形码 | 馆藏地/架位号 | 状态 | 备注 |
| 1 | 887237 | 208872371 | 自科库501/501自科库 67排6列1层/ [索取号:X4-49/C721] | 在馆 | |
| 2 | 887238 | 208872380 | 自科库501/501自科库 67排6列1层/ [索取号:X4-49/C721] | 在馆 | |
| 3 | 887239 | 208872399 | 自科库501/501自科库 67排6列1层/ [索取号:X4-49/C721] | 在馆 |